| 000 | 00672nam a2200193 a 4500 | ||
|---|---|---|---|
| 005 | 20230607063617.0 | ||
| 008 | 991125s1992 mx 000 0 spa u | ||
| 020 | _a9688059269 | ||
| 035 | _aUPN01000059245 | ||
| 049 | _aCG | ||
| 050 | 4 |
_aF1386 _aC6.9 |
|
| 245 | 0 | 3 |
_aLa zona metropolitana de la Ciudad de México : _bsituación actual y perspectivas demográficas y urbanas / _cConsejo Nacional de Población. |
| 260 |
_aMéxico : _bCONAPO, _c1992. |
||
| 300 | _a288 p. | ||
| 651 | 4 |
_aCiudad de México _xCondiciones económicas _921106 |
|
| 651 | 4 |
_aCiudad de México _xCondiciones sociales _922538 |
|
| 710 | 2 | _aConsejo Nacional de Población (México) | |
| 905 | _aLibro | ||
| 999 |
_c59245 _d59245 |
||